书目信息 |
| 题名: |
装饰设计
|
|
| 作者: | 吴龙声 , 谢凤飞 编著 | |
| 分册: | ||
| 出版信息: | 江苏 东南大学出版社 1997.10 |
|
| 页数: | 114页 | |
| 开本: | 16开 | |
| 丛书名: | ||
| 单 册: | ||
| 中图分类: | TU238.2 | |
| 科图分类: | ||
| 主题词: | 建筑设计 | |
| 电子资源: | ||
| ISBN: | 7-81050-271-9 | |
| 000 | 00590nam0 2200205 45 | |
| 001 | 0011190940 | |
| 005 | 20001229150156.1 | |
| 010 | @a7-81050-271-9@d13.50元 | |
| 100 | @a20001119d1997 km y0chiy0120 ea | |
| 101 | 0 | @achi |
| 105 | @a z 000yy | |
| 200 | 1 | @a装饰设计@AZhuang Shi She Ji@f吴龙声,谢凤飞编著@FWu Long Sheng,Xie Feng Fei Bian Zhu |
| 210 | @a江苏@c东南大学出版社@d1997.10 | |
| 215 | @a114页@d16开 | |
| 606 | 0 | @a建筑设计 |
| 690 | @aTU238.2@v3 | |
| 701 | 0 | @a吴龙声@4编著 |
| 701 | 0 | @a谢凤飞@4编著 |
| 801 | @aCN@bPftUser@c20001119 | |
| 905 | @dTU238.2@eW245@b317805-814@f10 | |
| 装饰设计/吴龙声,谢凤飞编著.-江苏:东南大学出版社,1997.10 |
| 114页;16开 |
| ISBN 7-81050-271-9:13.50元 |
| ● |
| 相关链接 |
|
|
|
正题名:装饰设计
索取号:TU238.2/W245
 
预约/预借
| 序号 | 登录号 | 条形码 | 馆藏地/架位号 | 状态 | 备注 |
| 1 | 317805 | 203178051 | 建筑库101/101建筑库 56排1列1层/ [索取号:TU238.2/W245] | 在馆 | |
| 2 | 317806 | 203178060 | 自科二线404/404自科库 6排5列2层/ [索取号:TU238.2/W245] | 在馆 | |
| 3 | 317807 | 203178079 | 自科二线404/404自科库 6排5列2层/ [索取号:TU238.2/W245] | 在馆 | |
| 4 | 317808 | 203178088 | 自科二线404/404自科库 6排5列2层/ [索取号:TU238.2/W245] | 在馆 | |
| 5 | 317809 | 203178097 | 建筑库101/101建筑库 56排1列1层/ [索取号:TU238.2/W245] | 在馆 | |
| 6 | 317810 | 203178104 | 自科二线404/404自科库 23排4列3层/ [索取号:TU238.2/W245] | 在馆 | |
| 7 | 317811 | 203178113 | 自科二线404/404自科库 23排4列3层/ [索取号:TU238.2/W245] | 在馆 | |
| 8 | 317812 | 203178122 | 自科二线404/404自科库 6排5列2层/ [索取号:TU238.2/W245] | 在馆 | |
| 9 | 317813 | 203178131 | 自科二线404/404自科库 6排5列2层/ [索取号:TU238.2/W245] | 在馆 | |
| 10 | 317814 | 203178140 | 自科二线404/404自科库 6排5列2层/ [索取号:TU238.2/W245] | 在馆 |